000 00651nam a22001817a 4500
003 BD-DhUL
005 20180513135400.0
008 180513s1960 bg |||| |||| 000 0 ben d
040 _aBD-DhUL
_cBD-DhUL
082 _a891.443
_bMOG
100 1 _aহোসেন, মীর মোশাররফ।
245 1 _aগাজী মিয়ার বস্তামী /
_cমীর মোশাররফ হোসেন।
260 _aঢাকা :
_bজিনাত,
_c১৯৬০।
300 _a৪১৬ পৃ. ;
_c১৯ সেমি.
650 4 _aবাংলা উপন্যাস
650 4 _aBengali fiction
942 _2ddc
_cBK
999 _c241252
_d241252